[Event "HUN-chT 2017-18"]
[Site "Budapest"]
[Date "2018.05.06"]
[Round "9"]
[White "Ribli, Zoltan"]
[Black "Lyell, Mark"]
[Result "1-0"]
[WhiteElo "2534"]
[BlackElo "2289"]
[Annotator "TA"]
[PlyCount "41"]
[EventDate "2018.??.??"]
[EventType "team-tourn"]
[EventCountry "HUN"]
[SourceTitle "playchess.com"]
[Source "ChessBase"]
[SourceQuality "1"]
[WhiteTeam "Hungary"]
[BlackTeam "Hungary"]
[WhiteTeamCountry "HUN"]
[BlackTeamCountry "HUN"]

{[%evp 17,41,12,21,25,12,2,7,0,11,-7,21,39,35,5,46,10,2,0,24,26,37,24,69,61,247,237]} 1. Nf3 d5 2. d4 Nf6 3. c4 dxc4 4. e3 e6 5. Bxc4 c5 6. O-O a6 7. Bb3 Nc6 8. Nc3 cxd4 9. exd4 Be7 10. Bg5 {D27: Queen's Gambit Accepted: Classical main line: 7 e4!? and 7 a4} O-O 11. Qd2 Na5 12. Bc2 {The position is equal.} b5 13. Qf4 {[#] Black must now prevent Bxf6.} (13. Rad1 Bb7 14. d5 exd5 15. Rfe1 Rc8 16. Bf5 Rc7 17. Qf4 Nh5 {½-½ (31) Mamedyarov,S (2747)-Karjakin,S (2769) Wijk aan Zee 2016}) 13... g6 14. Bh6 Nh5 15. Qe3 Re8 16. g4 $146 (16. Ne5 $5 {[%cal Re3f3]} Bb7 17. Rfd1 $14) ({Predecessor:} 16. Ne5 Bb7 17. Rfe1 Ng7 {1-0 (61) Dahlstroem,R (2477)-Larsen,S (2516) ICCF email 2010}) 16... Nf6 17. Qf4 $36 {[%mdl 2048] Strongly threatening Ne5. White is pushing.} b4 18. Ne4 {Threatens to win with Ne5.} Nxe4 19. Bxe4 Ra7 20. Rac1 Bd6 $2 {[#]} ({Black should play} 20... f6 $14) 21. Rxc8 $1 {[%mdl 512]} 1-0

[Event "HUN-chT 2017-18"]
[Site "Budapest"]
[Date "2018.05.06"]
[Round "9"]
[White "Gonda, Laszlo"]
[Black "Lajthajm, Borko"]
[Result "1-0"]
[WhiteElo "2533"]
[BlackElo "2422"]
[Annotator "TA"]
[PlyCount "101"]
[EventDate "2018.??.??"]
[EventType "team-tourn"]
[EventCountry "HUN"]
[SourceTitle "playchess.com"]
[Source "ChessBase"]
[SourceQuality "1"]
[WhiteTeam "Hungary"]
[BlackTeam "Hungary"]
[WhiteTeamCountry "HUN"]
[BlackTeamCountry "HUN"]

{[%evp 9,101,17,42,38,35,12,25,22,85,84,81,85,66,53,98,62,56,43,132,110,420,414,396,392,475,461,463,473,410,278,292,291,284,276,274,272,272,210,234,200,260,251,513,552,541,539,548,568,563,568,566,557,568,561,554,554,537,533,654,646,675,660,723,701,670,649,1514,1507,1288,1268,1158,1130,4622,2921,4791,3331,29972,5600,29978,29979,29979,29980,29976,29977,29980,29982,29983,29984,29983,29984,29987,29988,29989,29990]} 1. Nf3 Nf6 2. g3 c5 3. Bg2 Nc6 4. c4 e5 5. Nc3 a6 (5... d6 6. O-O Be7 7. e3 O-O 8. d4 cxd4 9. exd4 Bg4 10. Ne2 e4 11. Nd2 Nxd4 12. f3 exf3 13. Nxf3 Nxf3+ 14. Bxf3 Bxf3 15. Rxf3 Rc8 {0-1 (33) Ruck,R (2561)-Saric,I (2652) Tallinn 2016}) 6. O-O {A34: Symmetrical English: 2 Nc3, lines with ...d5} d6 7. a3 $146 ({Predecessor:} 7. d3 Be7 8. Ng5 O-O 9. Nge4 Nxe4 10. Nxe4 Bg4 11. Bd2 Qd7 12. Nc3 {½-½ (40) Gimenez,E (2153)-Richter,W (2169) ICCF email 2016}) 7... Rb8 8. b4 {White has an edge.} cxb4 (8... Be7 $11 {keeps the balance.}) 9. axb4 $16 Nxb4 10. d4 Nc6 11. dxe5 Nxe5 12. c5 Qc7 $1 13. Bg5 {Black must now prevent Bxf6.} Nxf3+ (13... Qxc5 $14 14. Nxe5 Qxc3) 14. Bxf3 Be6 $2 {[%mdl 8192]} (14... Qxc5 $16 {is tougher.} 15. Bxf6 gxf6) 15. Bxf6 $18 gxf6 {[#]} 16. Qa4+ $1 ({Less strong is} 16. Ne4 dxc5 17. Nxf6+ Ke7 $14) 16... Kd8 17. Qd4 Be7 18. Rfd1 {[%cal Rc5d6]} d5 19. Bxd5 Ke8 20. Ne4 ({Don't play} 20. Bxe6 $6 fxe6 21. Ne4 Kf7 $18) 20... Qe5 {[#]} 21. Qxe5 $1 fxe5 22. Bxe6 fxe6 23. Rab1 Rg8 24. Rb6 Rg4 25. Nd6+ Kd7 $2 (25... Bxd6 26. Rdxd6 Re4) 26. Nf5+ Rd4 27. Nxd4 exd4 {[%mdl 4096] Endgame [#] KRR-KRB} 28. c6+ $1 Kc7 (28... bxc6 29. Rxb8) 29. Rxb7+ Rxb7 30. cxb7 Kxb7 31. Rxd4 {Hoping for Rd7+. KR-KB} Kc6 32. Kf1 a5 33. Ke1 e5 34. Re4 Kd5 35. f3 h5 36. Kd1 Ke6 37. Kc2 Kf6 38. Kb3 Bd8 39. Ka4 Bc7 40. Kb5 Bd8 41. g4 h4 42. h3 Bc7 43. e3 (43. Kc6 $142 Bb8 44. Ra4 Ba7 45. Rxa5 Bd4 46. Kd5 Bb2 47. Ra6+ Kg7 48. Ke4) 43... Ke6 44. Kc6 {White mates.} Bd8 45. f4 {[%cal Bf3f4,Bf4f5][%mdl 32]} Bf6 46. f5+ Kf7 47. Kd7 Bg5 48. Rxe5 a4 49. e4 {[%cal Be3e4,Be4e5][%mdl 32]} Bd2 50. Rd5 Bc3 51. e5 {Precision: White = 90%, Black = 27%.} 1-0

[Event "HUN-chT 2017-18"]
[Site "Budapest"]
[Date "2018.05.06"]
[Round "9"]
[White "Roganovic, Milos"]
[Black "Hracek, Zbynek"]
[Result "1/2-1/2"]
[WhiteElo "2519"]
[BlackElo "2582"]
[Annotator "TA"]
[PlyCount "39"]
[EventDate "2018.??.??"]
[EventType "team-tourn"]
[EventCountry "HUN"]
[SourceTitle "playchess.com"]
[Source "ChessBase"]
[SourceQuality "1"]
[WhiteTeam "Hungary"]
[BlackTeam "Hungary"]
[WhiteTeamCountry "HUN"]
[BlackTeamCountry "HUN"]

{[%evp 14,39,18,6,15,7,20,-18,-10,-20,-14,-16,-7,-17,-8,-13,-9,-3,-3,-14,-14,-25,-24,0,0,0,0,1]} 1. e4 e5 2. Nf3 Nc6 3. Bc4 Bc5 4. d3 Nf6 5. O-O d6 6. c3 O-O 7. h3 h6 8. Re1 a5 {C54: Giuoco Piano: 4 c3 Nf6, main lines with 5 d4 and 5 d3} 9. d4 (9. Nbd2 Be6 10. b3 Ba7 11. Nf1 d5 12. exd5 Nxd5 13. Bd2 Qf6 14. N1h2 Rad8 15. Ng4 Bxg4 16. hxg4 {½-½ (27) Karjakin,S (2778)-Ding,L (2778) Shamkir 2018}) 9... Bb6 10. dxe5 $146 (10. Be3 {looks sharper.} exd4 11. cxd4 d5 12. exd5 Ne7 13. d6) ({Predecessor:} 10. Be3 exd4 11. cxd4 d5 12. exd5 Nxd5 13. Nc3 Be6 14. Bd3 Nxe3 15. fxe3 Ne7 16. Na4 {½-½ (71) Melia,S (2394)-Stefanova,A (2512) Teheran 2017}) 10... Nxe5 11. Nxe5 dxe5 12. Nd2 Qe7 13. Qe2 a4 14. Nf1 Be6 15. Be3 Bxe3 16. Nxe3 a3 17. Nd5 Bxd5 18. exd5 e4 19. bxa3 Qxa3 20. Bb3 1/2-1/2

[Event "HUN-chT 2017-18"]
[Site "Budapest"]
[Date "2018.05.06"]
[Round "9"]
[White "Ruck, Robert"]
[Black "Nagy, Gabor"]
[Result "1-0"]
[WhiteElo "2509"]
[BlackElo "2478"]
[Annotator "TA"]
[PlyCount "81"]
[EventDate "2018.??.??"]
[EventType "team-tourn"]
[EventCountry "HUN"]
[SourceTitle "playchess.com"]
[Source "ChessBase"]
[SourceQuality "1"]
[WhiteTeam "Hungary"]
[BlackTeam "Hungary"]
[WhiteTeamCountry "HUN"]
[BlackTeamCountry "HUN"]

{[%evp 21,81,25,54,49,44,35,40,40,37,36,33,37,31,35,49,39,56,42,43,46,49,37,42,8,137,131,107,98,116,100,125,125,247,274,243,177,224,237,242,0,198,0,239,208,199,179,185,188,181,93,528,521,516,502,560,575,508,532,829,784,1687,1612]} 1. e4 c5 2. Nf3 e6 3. d4 cxd4 4. Nxd4 Nc6 5. Nb5 d6 6. c4 Nf6 7. N1c3 a6 8. Na3 {[%cal Bb5a3,Ba3c2,Bc2d4][%mdl 32]} Be7 9. Be2 O-O 10. O-O b6 11. Be3 Nd7 {LiveBook: 5 Games. B44: Sicilian: Taimanov: 5 Nb5} (11... Bb7 12. Qb3 Nd7 13. Rac1 Rb8 14. Rfd1 Nc5 15. Qc2 Nb4 16. Qd2 Qc8 17. b3 Rd8 18. Nab1 d5 19. Nxd5 exd5 20. Qxb4 dxe4 21. Qxb6 Nd3 22. Rc2 Bd5 23. Qa7 Bc6 24. Qxe7 {1-0 (24) Ivanchuk,V (2747)-Najer,E (2679) Doha 2016}) 12. Nc2 Bb7 13. Qd2 Rc8 $146 {White is slightly better.} ({Predecessor:} 13... Qc7 14. Nd4 Rac8 15. Rac1 Qb8 16. f4 Nc5 17. Bf3 Qa8 18. Nxc6 Bxc6 19. b4 {0-1 (47) Koch,M (2005)-Funke,M Germany 1995}) 14. Rac1 Qc7 15. Rfd1 Nce5 16. Nd4 Qb8 ({Wrong is} 16... Nxc4 $2 17. Bxc4 Qxc4 18. b3 $18 (18. Nd5 Bxd5 19. Rxc4 Bxc4 $16)) 17. b3 {[%cal Bb2b3,Bb3b4][%mdl 32]} Rfe8 18. f3 Bd8 19. Kh1 Bc7 20. Rc2 Kh8 21. b4 Nf6 22. Rb1 d5 (22... Bd8 $11 {keeps the balance.}) 23. cxd5 $16 exd5 24. Nxd5 Bxd5 25. exd5 Nxd5 26. Bg1 Rcd8 (26... Qb7 $16 {keeps fighting.}) 27. Bxa6 $18 Rd6 28. Nb5 Rd7 29. Qc1 Nd3 30. Qd2 Ne5 $1 31. Qc1 Nd3 32. Nxc7 Nxc1 33. Nxe8 Qxe8 34. Rbxc1 Rd8 {[#]} 35. Rd2 (35. b5 $1 $18) 35... b5 $2 {[%mdl 8192]} (35... Ne7 $16 {is more resistant.} 36. Bb5 Qf8) 36. Rc5 {White is clearly winning.} Nc7 37. Bxb5 Nxb5 38. Rxd8 Qxd8 39. Rxb5 h6 40. a4 Qe8 41. Ra5 {Precision: White = 57%, Black = 32%.} 1-0

[Event "HUN-chT 2017-18"]
[Site "Budapest"]
[Date "2018.05.06"]
[Round "9"]
[White "Horvath, Jozsef"]
[Black "Kuzubov, Yuriy"]
[Result "0-1"]
[WhiteElo "2504"]
[BlackElo "2663"]
[Annotator "TA"]
[PlyCount "72"]
[EventDate "2018.??.??"]
[EventType "team-tourn"]
[EventCountry "HUN"]
[SourceTitle "playchess.com"]
[Source "ChessBase"]
[SourceQuality "1"]
[WhiteTeam "Hungary"]
[BlackTeam "Hungary"]
[WhiteTeamCountry "HUN"]
[BlackTeamCountry "HUN"]

{[%evp 16,72,65,37,56,31,54,41,54,47,61,61,58,58,61,50,49,58,58,64,79,47,52,63,54,32,68,35,55,37,31,35,35,0,14,0,0,-25,22,-58,-13,-8,-16,-16,0,-54,-54,-214,-234,-248,-263,-252,-243,-252,-265,-280,-292,-507,-505]} 1. d4 g6 2. e4 Bg7 3. Nf3 d6 4. c3 Nf6 5. Bd3 O-O 6. O-O Nc6 7. Re1 e5 8. h3 h6 9. Na3 Nd7 {[%cal Re5d4] B07: Pirc Defence: Miscellaneous Systems} 10. Bb5 Kh7 $146 ({Predecessor:} 10... Ne7 11. Nc2 a6 12. Bf1 Re8 13. dxe5 Nxe5 14. Nxe5 dxe5 15. Qf3 Be6 16. Rd1 Qc8 17. b3 {½-½ (36) Jacquin,R (2562)-Ludgate,A (2511) ICCF email 2011}) 11. Nc4 exd4 {White is slightly better.} 12. cxd4 ({Of course not} 12. Nxd4 Nxd4 13. Bxd7 Bxd7 $15) 12... Ne7 13. Ne3 a6 14. Bd3 c5 15. d5 b5 16. a4 c4 17. Bc2 Bb7 18. Rb1 Nc5 19. Bd2 Ng8 $1 20. Ng4 Bc8 21. axb5 axb5 22. Bc3 Bxg4 23. hxg4 Nf6 24. g5 hxg5 $1 25. Nxg5+ Kg8 26. Qd2 Re8 27. Rbd1 (27. Qf4 $11) 27... Nh5 {Hoping for ...Bxc3.} 28. Nf3 Bxc3 29. Qxc3 Qf6 30. Qxf6 (30. Qb4 $11) 30... Nxf6 $15 31. e5 $2 (31. Nd4 $1 $15) 31... dxe5 $19 32. Nxe5 Ra2 33. b4 Nb7 $1 ({Not} 33... Rxc2 34. bxc5 c3 35. d6 $11) ({Much less strong is} 33... cxb3 34. Bb1 $19) 34. Bb1 {[#]} Rb2 $1 35. d6 {[#]} Nxd6 $1 {[%mdl 512]} 36. Rxd6 $2 {[#]} (36. Kf1 {was necessary.} Nc8 37. g4) 36... Rxe5 $1 {[%mdl 512] Precision: White = 45%, Black = 59%.} 0-1

[Event "HUN-chT 2017-18"]
[Site "Budapest"]
[Date "2018.05.06"]
[Round "9"]
[White "Berczes, David"]
[Black "Gara, Anita"]
[Result "1-0"]
[WhiteElo "2503"]
[BlackElo "2370"]
[Annotator "TA"]
[PlyCount "85"]
[EventDate "2018.??.??"]
[EventType "team-tourn"]
[EventCountry "HUN"]
[SourceTitle "playchess.com"]
[Source "ChessBase"]
[SourceQuality "1"]
[WhiteTeam "Hungary"]
[BlackTeam "Hungary"]
[WhiteTeamCountry "HUN"]
[BlackTeamCountry "HUN"]

{[%evp 18,85,-4,-3,34,2,25,-5,47,51,54,63,80,69,79,60,104,126,155,149,193,182,230,217,274,250,223,238,289,308,362,357,395,410,469,434,505,492,494,380,430,416,500,483,648,465,775,784,831,829,825,812,796,720,779,885,1360,1275,2115,1776,29987,29988,29988,29989,29989,29990,29990,29991,29992,29992]} 1. Nf3 g6 2. d4 Nf6 3. g3 Bg7 4. Bg2 O-O 5. O-O d6 6. c4 Nbd7 7. Nc3 e5 8. e3 {[%cal Be2e3,Be3e4][%mdl 32]} Re8 9. h3 {E67: King's Indian: Fianchetto: 6...Nbd7} (9. b4 exd4 10. exd4 Nb6 11. Qb3 a5 12. bxa5 Rxa5 13. Be3 d5 14. c5 Nc4 15. Bg5 c6 16. Nd2 h6 17. Bxf6 Bxf6 18. Nxc4 dxc4 {0-1 (54) Nguyen,N (2625)-Mamedyarov,S (2753) Khanty-Mansiysk 2013}) 9... c6 10. b3 {LiveBook: 4 Games} Qa5 11. Qc2 {White is slightly better.} Nf8 (11... e4 $5 {[%cal Re4f3]} 12. Nd2 d5 $14) 12. Bb2 $146 ({Predecessor:} 12. dxe5 dxe5 13. Bb2 Bf5 14. Qe2 Ne4 15. Rac1 Nc5 16. e4 Bd7 17. Qc2 Qb6 18. Ne2 {0-1 (43) Ratner,B-Petrosian,T Gorky 1950}) 12... Bf5 (12... e4 $11 13. Nd2 d5) 13. e4 $14 Bd7 14. Rfd1 Rac8 15. dxe5 dxe5 16. Na4 b5 17. Nc5 {And now Nb7 would win.} Qb6 18. b4 Be6 19. Nxe5 Re7 20. Rac1 bxc4 21. a3 ({Don't do} 21. Nxc4 $6 Bxc4 22. Qxc4 N6d7 $18) 21... Qb8 22. Nxe6 Rxe6 23. Nxc4 Rce8 24. e5 N6d7 25. f4 h5 26. h4 Rc8 27. Nd6 Rc7 28. Ne4 Re7 29. Kh2 Kh8 30. Rd6 Nb6 31. Rxc6 Nd5 (31... Rxc6 $142 32. Qxc6 Ne6) 32. Qb3 $18 Rxc6 33. Rxc6 Nc7 34. Nd6 Nfe6 35. Qc2 Nd8 36. Rc4 Kh7 37. f5 Bh6 {[#]} 38. Nxf7 $1 {[%mdl 512]} Nxf7 39. fxg6+ {White mates.} Kg8 40. gxf7+ Rxf7 41. e6 Re7 42. Bf6 Rh7 43. Qg6+ {Precision: White = 87%, Black = 11%.} 1-0

[Event "HUN-chT 2017-18"]
[Site "Budapest"]
[Date "2018.05.06"]
[Round "9"]
[White "Korpa, Bence"]
[Black "Szuk, Balazs"]
[Result "1-0"]
[WhiteElo "2497"]
[BlackElo "2362"]
[Annotator "TA"]
[PlyCount "99"]
[EventDate "2018.??.??"]
[EventType "team-tourn"]
[EventCountry "HUN"]
[SourceTitle "playchess.com"]
[Source "ChessBase"]
[SourceQuality "1"]
[WhiteTeam "Hungary"]
[BlackTeam "Hungary"]
[WhiteTeamCountry "HUN"]
[BlackTeamCountry "HUN"]

{[%evp 32,99,8,0,83,86,73,60,107,96,93,96,94,100,90,83,97,97,88,54,66,27,27,27,27,23,27,17,44,15,45,27,33,35,36,42,32,29,43,25,37,0,39,39,48,8,35,36,126,115,131,66,85,67,75,37,42,39,204,209,250,245,291,284,545,531,2047,2003,4943,3263]} 1. e4 c5 2. Nf3 Nc6 3. d4 cxd4 4. Nxd4 Nf6 5. Nc3 e6 6. Ndb5 Bb4 7. a3 Bxc3+ 8. Nxc3 d5 9. exd5 exd5 10. Bd3 O-O 11. O-O d4 12. Ne2 Bg4 13. Bg5 Qd6 14. Qd2 {B45: Sicilian Four Knights} Bxe2 15. Qxe2 Rfe8 16. Qf3 Ne5 17. Qg3 {LiveBook: 13 Games} Qc6 $146 (17... Nh5 $11 18. Qh4 Nxd3 19. cxd3 g6) ({Predecessor:} 17... Nh5 18. Qh3 Nxd3 19. Qxd3 Nf4 20. Bxf4 Qxf4 21. Rfe1 h6 22. g3 Qc7 23. Rad1 Rac8 24. h4 a6 25. b4 Qc6 26. Rxe8+ {½-½ (26) Salgado Lopez,I (2532)-Vila Gazquez,X (2419) Herceg Novi 2008}) 18. Bb5 $1 $16 {[%cal Rb5c6]} Qxb5 19. Bxf6 $1 {[%csl Gf6][%cal Rg3g7] [#]} g6 20. Rfe1 {[%cal Rf6e5]} Nc6 21. Qf4 Qf5 22. Qxf5 gxf5 23. Rad1 Rxe1+ 24. Rxe1 {[%mdl 4096] Endgame KRB-KRN} h5 25. f3 Kh7 26. c3 dxc3 $1 27. Bxc3 Rd8 28. Kf2 Kg6 29. Re2 b5 30. Rc2 Rd6 31. Kg3 Kg5 32. Bd2+ Kf6 33. Bf4 Re6 {aiming for ...Nd4.} 34. Rd2 a6 35. Kh4 Kg6 36. Kg3 Na5 37. Rd8 Nc4 38. Rg8+ Kf6 39. Bc1 Rd6 (39... f4+ $14 40. Bxf4 Nxb2) 40. b3 Na5 {[#]} 41. Bf4 (41. b4 $1 $16 Nc6 42. Bb2+ Ke6 43. Rh8) 41... Re6 $14 42. b4 Nc4 43. Bc1 f4+ 44. Kh4 Re2 $2 (44... Ne3 $14) 45. Bxf4 $18 Ra2 46. Kxh5 Rxa3 47. h4 Ra4 $2 (47... a5 {was called for.} 48. bxa5 Rxa5) 48. Kh6 {Re8 would kill now.White is clearly winning.} Rxb4 49. Re8 {White wants to mate with Bg5+.} Kf5 50. Re4 {Precision: White = 54%, Black = 31%.} 1-0

[Event "HUN-chT 2017-18"]
[Site "Budapest"]
[Date "2018.05.06"]
[Round "9"]
[White "Nemeth, Miklos"]
[Black "Szabo, Bence"]
[Result "1/2-1/2"]
[WhiteElo "2491"]
[BlackElo "2362"]
[Annotator "TA"]
[PlyCount "28"]
[EventDate "2018.??.??"]
[EventType "team-tourn"]
[EventCountry "HUN"]
[SourceTitle "playchess.com"]
[Source "ChessBase"]
[SourceQuality "1"]
[WhiteTeam "Hungary"]
[BlackTeam "Hungary"]
[WhiteTeamCountry "HUN"]
[BlackTeamCountry "HUN"]

{[%evp 27,28,0,0]} 1. e4 e5 2. Nf3 Nc6 3. Bb5 a6 4. Ba4 Nf6 5. O-O Nxe4 6. d4 exd4 7. Re1 d5 8. Nxd4 Bd6 9. Nxc6 Bxh2+ 10. Kxh2 Qh4+ {C80: Open Ruy Lopez: Sidelines and 9 Nbd2} 11. Kg1 Qxf2+ 12. Kh2 Qh4+ 13. Kg1 Qf2+ $146 14. Kh2 Qh4+ {LiveBook: 9 Games} 1/2-1/2

[Event "HUN-chT 2017-18"]
[Site "Budapest"]
[Date "2018.05.06"]
[Round "9"]
[White "Kaczur, Florian"]
[Black "Horvath, Zsolt"]
[Result "1/2-1/2"]
[WhiteElo "2471"]
[BlackElo "2369"]
[Annotator "TA"]
[PlyCount "60"]
[EventDate "2018.??.??"]
[EventType "team-tourn"]
[EventCountry "HUN"]
[SourceTitle "playchess.com"]
[Source "ChessBase"]
[SourceQuality "1"]
[WhiteTeam "Hungary"]
[BlackTeam "Hungary"]
[WhiteTeamCountry "HUN"]
[BlackTeamCountry "HUN"]

{[%evp 14,60,68,64,93,58,71,26,45,33,42,41,35,33,72,67,53,-21,-20,-24,-29,-34,10,-50,50,-58,-57,-62,-47,-50,-60,-55,-58,-61,-53,-68,-59,-67,-51,-70,-30,-38,-37,-56,-43,-42,-18,-12,-4]} 1. e4 c6 2. d4 d5 3. Nd2 dxe4 4. Nxe4 Nf6 5. Nxf6+ gxf6 6. c3 Qd5 7. Nf3 {B16: Caro-Kann: Bronstein-Larsen Variation} (7. c4 Qe4+ 8. Be3 e5 9. Ne2 Bb4+ 10. Nc3 Bxc3+ 11. bxc3 Bf5 12. Qd2 Nd7 13. Rc1 c5 14. f3 Qc6 {1-0 (68) Bruzon Batista,L (2691)-Alvarez Pedraza,A (2557) Guarenas 2012}) 7... Bg4 8. Be2 {LiveBook: 8 Games} Rg8 9. Bf4 $146 {White is better.} ({Predecessor:} 9. Qb3 Qxb3 10. axb3 Nd7 11. Bf4 a6 12. O-O-O e6 13. h3 Bf5 14. Nh4 Bg6 15. Nxg6 hxg6 {1-0 (59) Lieberwirth,K (1918)-Von Zimmermann,G (2129) Leipzig 2017}) 9... Qe4 {[#] And now ...Bxf3 would win.} 10. Qd2 Nd7 11. Bg3 Bxf3 12. gxf3 Qf5 13. O-O-O Nb6 14. Rhe1 (14. c4 {is interesting.} O-O-O 15. b3 e6 16. Kb2 Be7 17. Qc3) 14... e6 15. Qd3 (15. Bd3 $14 Qh5 16. Kb1) 15... Qxd3 $11 16. Bxd3 h5 17. Kc2 O-O-O 18. Bh4 ({White should try} 18. f4 $11) 18... Be7 (18... Nd5 $15) 19. Rg1 ({White must play} 19. f4 $1 $14) 19... Nd5 20. Rg3 f5 21. Rdg1 Rxg3 22. hxg3 Bxh4 23. gxh4 $15 {[%mdl 4096] Endgame KRB-KRN} Kd7 24. Rg5 Rh8 25. Kd2 Ke7 26. c4 Nf6 27. Ke3 Rd8 28. Be2 a5 29. b3 Ra8 30. a3 Rh8 {Precision: White = 30%, Black = 49%.} 1/2-1/2

[Event "HUN-chT 2017-18"]
[Site "Budapest"]
[Date "2018.05.06"]
[Round "9"]
[White "Nayhebaver, Martin"]
[Black "Fodor, Istvan"]
[Result "1-0"]
[WhiteElo "2471"]
[BlackElo "2371"]
[Annotator "TA"]
[PlyCount "73"]
[EventDate "2018.??.??"]
[EventType "team-tourn"]
[EventCountry "HUN"]
[SourceTitle "playchess.com"]
[Source "ChessBase"]
[SourceQuality "1"]
[WhiteTeam "Hungary"]
[BlackTeam "Hungary"]
[WhiteTeamCountry "HUN"]
[BlackTeamCountry "HUN"]

{[%evp 19,73,18,22,22,20,18,14,0,6,0,2,0,7,9,8,-8,0,4,10,0,27,0,0,0,0,0,23,27,45,56,112,125,114,67,59,59,66,58,74,59,91,95,102,105,172,154,262,262,1050,1013,6319,5577,29992,29993,29993,29994]} 1. e4 e5 2. Nf3 Nc6 3. Bb5 a6 4. Ba4 Nf6 5. O-O Be7 6. Re1 b5 7. Bb3 O-O 8. a4 b4 9. d4 d6 10. dxe5 dxe5 11. Nbd2 {[%cal Bb1d2,Bd2f1,Bf1g3,Bg3f5][%mdl 32] C88: Closed Ruy Lopez: Anti-Marshall Systems} Bc5 12. Qe2 Qe7 13. Bc4 $146 {The position is equal.} ({Predecessor:} 13. h3 Rd8 14. Nc4 Nd4 15. Nxd4 Rxd4 16. Be3 Rxe4 17. Qf3 Bb7 18. Na5 Rxe3 19. Qxb7 Rxe1+ 20. Rxe1 {1-0 (26) Dominguez Perez,L (2739)-Aronian,L (2785) Doha 2016}) 13... Na5 14. Bd3 h6 15. h3 Re8 16. Nf1 Nh5 17. Kh1 Bb7 18. Ng3 Nf4 19. Bxf4 exf4 20. Nf5 $36 {[%mdl 2048] White has some pressure.} Qf8 21. e5 g6 22. N5d4 Bxd4 23. Nxd4 c5 24. Nf3 $1 c4 {[#]} ({Black should try} 24... b3 $14) 25. Be4 $1 $16 ({But not} 25. Bxc4 $6 Nxc4 26. Qxc4 Rac8 $11) 25... Rac8 26. Bxb7 Nxb7 27. Qe4 Nc5 28. Qxf4 Ne6 29. Qh4 Red8 30. Rad1 b3 {[#] ...c3 is the strong threat.} 31. c3 $1 Rxd1 (31... Rd3 $16) 32. Rxd1 $18 Qe8 (32... h5 $16 33. Rd6 Qh6) 33. Qxh6 Qxa4 $2 (33... Rd8 34. Re1 a5) 34. Nh2 {Ng4 would kill now.} Ng7 35. Ng4 {White wants to mate with Nf6+.} f5 36. exf6 {[%csl Gf6][%cal Rh6g7]} Nf5 37. Qxg6+ {Precision: White = 70%, Black = 29%.} 1-0

[Event "HUN-chT 2017-18"]
[Site "Budapest"]
[Date "2018.05.06"]
[Round "9"]
[White "Kovacs, Gabor"]
[Black "Konnyu, Janos"]
[Result "1-0"]
[WhiteElo "2456"]
[BlackElo "2350"]
[Annotator "TA"]
[PlyCount "83"]
[EventDate "2018.??.??"]
[EventType "team-tourn"]
[EventCountry "HUN"]
[SourceTitle "playchess.com"]
[Source "ChessBase"]
[SourceQuality "1"]
[WhiteTeam "Hungary"]
[BlackTeam "Hungary"]
[WhiteTeamCountry "HUN"]
[BlackTeamCountry "HUN"]

{[%evp 14,83,43,18,63,60,71,72,71,71,77,73,83,42,67,59,62,44,60,0,75,52,47,44,136,137,195,187,222,200,183,169,186,183,165,166,183,197,191,155,166,166,186,195,179,194,243,238,249,108,106,101,95,105,99,71,99,91,111,108,103,74,68,70,69,69,82,76,108,108,541,541]} 1. d4 Nf6 2. c4 g6 3. Nf3 Bg7 4. g3 d6 5. Bg2 O-O 6. O-O Nc6 7. Nc3 a6 8. Bf4 Nd7 {E63: King's Indian: Fianchetto: Panno Variation with 7...a6} 9. Qd2 Rb8 10. Rac1 e5 {White is better.} 11. Bg5 f6 {[#] Hoping for ...exd4.} 12. Be3 f5 13. Bg5 Bf6 $146 {[%cal Rc6d4]} ({Predecessor:} 13... Nf6 14. dxe5 dxe5 15. Qxd8 Rxd8 16. Nd5 Kf7 17. Rfd1 e4 {1-0 (36) Mikhalevski,V (2614)-Abrahamyan,T (2290) Wheeling 2010}) 14. dxe5 dxe5 15. Bh6 Bg7 16. Bg5 Bf6 {and if ...e4 works, Black does fine.} 17. e4 (17. Nd5 $5 {[%cal Rd5f6]}) 17... Bxg5 18. Nxg5 {Black must now prevent Ne6.} Nd4 (18... Nc5 $14 19. Qd5+ Qxd5 20. cxd5 (20. exd5 Nb4 $11) 20... Nb4) 19. exf5 $16 gxf5 (19... Nb6 $16) 20. f4 $18 c5 {Black wants to play ...e4.} 21. Bd5+ Kg7 22. fxe5 {aiming for Rce1.} Nxe5 23. Rce1 Ng6 24. Ne2 Nxe2+ 25. Rxe2 {And now Re6 would win.} b5 26. cxb5 axb5 27. Qc3+ Qf6 28. Qxc5 Qxg5 29. Qc7+ Bd7 30. Qxd7+ Kh6 {[#]} 31. Bg2 (31. Bf7 $1 $18 {is more deadly.}) 31... f4 $16 32. Rc2 {Rc7 is the strong threat.} fxg3 33. Qh3+ Qh4 34. Qxg3 $40 {[%mdl 128] White attacks with force.} (34. hxg3 {seems wilder.} Rxf1+ 35. Kxf1 Qxh3 36. Bxh3 b4 37. Be6) 34... Rxf1+ 35. Bxf1 Qxg3+ 36. hxg3 {[%mdl 4096] Endgame KRB-KRN} b4 37. Bc4 Ne5 38. Bd5 Rd8 39. Be4 Rd4 40. Re2 Nc4 41. Kf2 Nxb2 $2 {[%mdl 8192]} (41... Kg7 $16 {is a better chance.} 42. Bb1 h6) 42. Ke3 {Precision: White = 59%, Black = 52%.} 1-0